000 00690cab a22001935a 4500
001 L146632
008 090206e20090202xxk f 000 0 eng d
035 _a(Sirsi) u146632
041 0 _aeng
100 1 _aLever, Jon
245 0 0 _aAPC advice
260 _c2009
490 0 _aProperty Week
_v75(6) 2 February 2009, 48(1)
520 _aDescribes the candidate's role and the preparation required leading up to the 15-month meeting. Advises candidates to monitor their experiences and summarises the critical analysis.
590 _aKA
651 4 _aUnited Kingdom
_y
690 _aCAREERS, EDUCATION AND TRAINING-QUALIFICATION ROUTES-ASSESSMENT OF PROFESSIONAL COMPETENCE
942 _n0
999 _c81212
_d81212